Statistics for Canadian Capitals - Map Quiz

Click here to take the quiz!

General Stats

  • This quiz has been taken 1,056 times
    (414 since last reset)
  • The average score is 9 of 13

Answers on the Map

Answers color-coded by a green-red scale on the quiz's map according to % correct below.
Loading ...
 

Answer Stats

Answer% Correct
Quebec City
85%
Victoria
81%
Toronto
81%
Yellowknife
76%
Winnipeg
75%
Iqaluit
71%
Edmonton
69%
Halifax
69%
Whitehorse
67%
St. John's
66%
Charlottetown
61%
Regina
60%
Fredericton
51%

Score Distribution

Percentile by Number Answered

Percent of People with Each Score

Your Score History

You have not taken this quiz since the last reset